| 000 | 00662nam a22001937a 4500 | ||
|---|---|---|---|
| 005 | 20140324124043.0 | ||
| 010 | _aB-500335-343 | ||
| 020 |
_a9788179103968 _c1500.00 |
||
| 035 | _aB-500335-343 | ||
| 037 |
_adpl _bMallika Books/Ven |
||
| 082 | _a635 | ||
| 100 | _aDe, L.C. | ||
| 245 |
_aHandbook of Gardening/ _cby L.C.De |
||
| 260 |
_aJaipur _bAavishkar Publishers _c2012 |
||
| 270 |
_a807, Vyas Building, Chaura Rasta _bJaipur _e302003 (Raj) India |
||
| 300 |
_a178p. _bcol.ill. _c22cm(Hb) |
||
| 942 |
_2ddc _cEN _h635 _mDEL |
||
| 999 |
_c83154 _d83154 |
||